000 00434nam a22001577a 4500
008 240624b |||||||| |||| 00| 0 eng d
020 _a9789937129107
082 _aN306.7/S879m
100 _aSharma, Dipak Raj
241 _aMa kina bihe gardina?
245 _aम किन बिहे गर्दिन?
260 _aBaitadi:
_bDipak Raj Sharma,
_c2079BS.
300 _b72p.
650 _asexual ethics
942 _2ddc
_cISBN
999 _c114892
_d114880